|
|
|
|
| LEADER |
00000cam a2200000 7i4500 |
| 001 |
0000006575 |
| 002 |
000007092 |
| 005 |
20011211.0 |
| 020 |
|
|
|a 9836223959
|
| 090 |
0 |
0 |
|a F
|b NAR
|
| 100 |
0 |
|
|a Narizah Samat
|
| 245 |
1 |
0 |
|a Seraut duka
|c Narizah Samat
|
| 260 |
|
|
|a Kuala Lumpur :
|b DBP ,
|c 1991
|
| 300 |
|
|
|a 113p. ;
|c 18cm.
|
| 650 |
0 |
0 |
|a Malay fiction
|
| 999 |
|
|
|a 039857
|b BUKU
|c PINJAMAN
|e PERPUSTAKAAN KOMUNITI PETALING JAYA
|
| 999 |
|
|
|a 039858
|b BUKU
|c YOUTH FICTION
|e PERPUSTAKAAN KOMUNITI PETALING JAYA
|
| 999 |
|
|
|a 055204
|b BUKU
|c FICTION
|e PERPUSTAKAAN KOMUNITI CAW KOTA DAMANSARA
|
| 999 |
|
|
|a 055205
|b BUKU
|c FICTION
|e PERPUSTAKAAN KOMUNITI CAW KOTA DAMANSARA
|